[Event "IECC Swiss email"]
[Site "IECC email"]
[Date "1999.09.27"]
[Round "?"]
[White "Bruce, Earle"]
[Black "Hellman, Lennart"]
[Result "0-1"]
[WhiteElo "1668"]
[BlackElo "1444"]
[PlyCount "44"]
[EventDate "1999.??.??"]
[EventType "tourn (corr)"]
[EventRounds "6"]
[SourceTitle "Corr 2008"]
[Source "ChessBase"]
[SourceDate "2008.06.24"]
[SourceVersion "1"]
[SourceVersionDate "2008.06.24"]
[SourceQuality "1"]

1. e4 e5 2. Nf3 Nc6 3. d4 exd4 4. c3 dxc3 5. Bc4 cxb2 6. Bxb2 Bb4+ 7. Nc3 Nf6 8. Qc2 0-0 9. 0-0-0 d6 10. e5 Ng4 11. Nd5 Bc5 12. exd6 cxd6 13. h4 Be6 14. Ng5 g6 15. Qc3 Nce5 16. f4 Bxd5 17. fxe5 Bxc4 18. exd6 Qf6 19. Qxc4 Qf5 20. Qe4 Qxe4 21. Nxe4 Be3+ 22. Kb1 f5 0-1

[Event "IECC Swiss email"]
[Site "IECC email"]
[Date "1999.04.26"]
[Round "?"]
[White "Hellman, Lennart"]
[Black "Hansen, Michael"]
[Result "1/2-1/2"]
[WhiteElo "1438"]
[BlackElo "1576"]
[PlyCount "58"]
[EventDate "1999.??.??"]
[EventType "tourn (corr)"]
[EventRounds "6"]
[SourceTitle "Corr 2008"]
[Source "ChessBase"]
[SourceDate "2008.06.24"]
[SourceVersion "1"]
[SourceVersionDate "2008.06.24"]
[SourceQuality "1"]

1. e4 c6 2. d4 d5 3. e5 Bf5 4. Nf3 e6 5. Be2 Nd7 6. 0-0 Ne7 7. Nh4 Bg6 8. Nd2 Nf5 9. Nxg6 hxg6 10. Nb3 Be7 11. c3 0-0 12. Re1 c5 13. Bg4 Nh6 14. Bf3 cxd4 15. cxd4 Rc8 16. Bf4 Qb6 17. Rc1 Nf5 18. Bg4 Rxc1 19. Bxc1 Rc8 20. Qd3 Nb8 21. Bd2 Bb4 22. Rc1 Rxc1+ 23. Bxc1 Nc6 24. Bxf5 gxf5 25. h4 Be7 26. Bg5 Bxg5 27. hxg5 Qb4 28. Qc3 Qe7 29. f4 a6 1/2-1/2

[Event "IECC Trio 631 email"]
[Site "IECC email"]
[Date "1998.10.20"]
[Round "?"]
[White "Hellman, Lennart"]
[Black "Wylie, Richard"]
[Result "1-0"]
[WhiteElo "1363"]
[BlackElo "1318"]
[PlyCount "51"]
[EventDate "1998.??.??"]
[EventType "tourn (corr)"]
[EventRounds "4"]
[SourceTitle "Corr 2008"]
[Source "ChessBase"]
[SourceDate "2008.06.24"]
[SourceVersion "1"]
[SourceVersionDate "2008.06.24"]
[SourceQuality "1"]

1. d4 Nf6 2. Nf3 Nc6 3. Nc3 d5 4. Bf4 Bg4 5. Ne5 Nh5 6. Nxc6 bxc6 7. Be5 f6 8. h3 Bd7 9. e4 fxe5 10. Qxh5+ g6 11. Qxe5 Rg8 12. exd5 Bg7 13. Qe3 Rb8 14. dxc6 Bxc6 15. Qe6 Rf8 16. Qxc6+ Qd7 17. Bb5 Qxc6 18. Bxc6+ Kd8 19. 0-0-0 Bh6+ 20. Kb1 Rxf2 21. Nd5 e6 22. Rhe1 Rf8 23. Rxe6 Bg7 24. Rde1 Bxd4 25. Re8+ Rxe8 26. Rxe8# 1-0

[Event "IECC M email"]
[Site "IECC email"]
[Date "1998.03.31"]
[Round "?"]
[White "Hellman, Lennart"]
[Black "Fioroni, Stanley"]
[Result "1-0"]
[WhiteElo "1378"]
[BlackElo "1224"]
[PlyCount "57"]
[EventDate "1998.??.??"]
[EventType "tourn (corr)"]
[EventRounds "12"]
[SourceTitle "Corr 2008"]
[Source "ChessBase"]
[SourceDate "2008.06.24"]
[SourceVersion "1"]
[SourceVersionDate "2008.06.24"]
[SourceQuality "1"]

1. e4 e5 2. Nf3 Nc6 3. Bb5 a6 4. Bxc6 dxc6 5. Nxe5 Nf6 6. d3 Bd6 7. Nf3 0-0 8. 0-0 Bg4 9. h3 Bxf3 10. Qxf3 Qe7 11. Re1 Be5 12. Nd2 Rad8 13. Nc4 Bd4 14. c3 Ba7 15. Bg5 h6 16. Bxf6 Qxf6 17. Qxf6 gxf6 18. Rad1 b5 19. Ne3 Bxe3 20. Rxe3 c5 21. a4 Rfe8 22. axb5 axb5 23. Ra1 Kg7 24. Rg3+ Kh7 25. Ra7 Re7 26. Rb7 c4 27. d4 Rg8 28. Rxg8 Kxg8 29. f3 1-0